| 000 | 00773nam a22002417a 4500 | ||
|---|---|---|---|
| 003 | dpl | ||
| 005 | 20180607134613.0 | ||
| 008 | 180607b xxu||||| |||| 00| 0 eng d | ||
| 010 | _aB-157536 | ||
| 020 | _a0070582750 | ||
| 035 | _aB-157536, B-157543 | ||
| 037 | _aCen Lib/Ret | ||
| 040 |
_aDPL _bEN _c0 |
||
| 082 |
_a618.6 _bVEN |
||
| 110 |
_bVendela _9112594 |
||
| 245 |
_aModel mommy : _bvendela's plan for emotional support, exercise, and eating right after having a baby / |
||
| 260 |
_aNew Delhi _bTata McGraw-Hill Publishing Co. Ltd. _c2002 |
||
| 270 |
_a7 West Patel Nagar _bNew Delhi _e110095 |
||
| 300 |
_axxv, 164p ; _b26cm(Hb) |
||
| 650 |
_aMotherhood. _98107 |
||
| 650 |
_aExercise for women. _9112595 |
||
| 942 |
_2ddc _cEN _h618.6 _mVEN |
||
| 999 |
_c136162 _d136162 |
||